| 000 | 00690nam a2200241Ia 4500 | ||
|---|---|---|---|
| 003 | OSt | ||
| 005 | 20220927105719.0 | ||
| 006 | a|||||r|||| 00| 0 | ||
| 007 | ta | ||
| 008 | 220926b |||||||| |||| 00| 0 eng d | ||
| 024 | _a201158 | ||
| 037 | _cReference Collections | ||
| 040 |
_aRTL _cRTL _beng |
||
| 041 |
_2eng _aeng |
||
| 082 | _a"X:51b4n, M2/RR" | ||
| 100 |
_aMcalister Leigh _9374336 |
||
| 245 | 0 | _aChoice models for buyer behavior | |
| 260 |
_aGreenwich _bJai Press _c1982 |
||
| 300 |
_a349p. _ccm. |
||
| 500 | _aBibliography: P 272-75; Appendix: P 249-71 | ||
| 942 |
_h"X:51b4n, M2/RR" _cCC |
||
| 999 |
_c694046 _d694046 |
||